000 00498nam a2200181Ia 4500
005 20250508160821.0
008 008 250505s9999 xx 000 0 hin d
037 _aTextual
040 _aFEDL
_beng
_cFEDL
041 _ahin
_2eng
084 _a320.120 954, NAR
_qFEDL
100 _aNarendra Dev
245 0 _aRashtriyata aur samajwad
260 _aVaranasi, India
_bGyan Mandal Limited
300 _a477p
942 _cTEXL
_h320.120 954, NAR
999 _c1366777
_d1366777